Quizzes
Events
Quiz Creation
Community
Videos
Private Events
Remove Ads
Sign In
Join for FREE
Feedback
Dark Mode
Quiz Categories
Sports
Geography
Music
Movies
Television
Just For Fun
Miscellaneous
History
Literature
Language
Science
Gaming
Entertainment
Religion
Holiday
For Kids
Quiz Lab
Recent
Popular Today
Quiz Kudos Today
Editor Picks
Curator Picks
Quizzes by...
Day
Popularity
Type
Ratings
Length
Year
Community
Subscriptions
Recent Discussions
Orange Saloon
Badges
Playlists
Quests
Create
Leaderboards
Showdown
Live 5
Trivia Bingo
Activity
Puzzle Library
Sporcle Events
Private Events
Virtual Trivia
Globe League
Become a Host
Pub Owners
SporcleCon
Opinionation
Our Games
Videos
Blog
Mobile Apps
Partnerships
Remove Ads and Go Orange
Feedback
Geography
Country
Landmarks
City
State
Population
World
Capital
Continent
Flags
Europe
Africa
Asia
South America
North America
Oceania
Border
Canada
United Kingdom
Topography
United States
Geography
Country
Landmarks
City
State
Population
World
Capital
Continent
Flags
Europe
Africa
Asia
South America
North America
Oceania
Border
Canada
United Kingdom
Topography
United States
Random Quiz
Search Sporcle
×
Quiz Lab
Quiz Lab
Geography
Spanish
Type in answers that appear in a list
Type in answers that appear in a list
Classic
Best Score? Go Orange.
5 largest cities of the 5 most spoken languages Stats
Can you name the 5 most populated cities where each of the 5 most spoken native languages is most widely spoken?
By
Mushu2
5m
25 Questions
1,746 Plays
1,746 Plays
1,746 Plays
Comments
Comments
Give Quiz Kudos
Give Quiz Kudos
-
- Ratings
hide this ad
More Info
Replay
Link that replays current quiz
Next Quiz
Link to next quiz in quiz playlist
You Got
0%
They Got
Avg Score
67%
Avg Friend Score
Upgrade to see
Score Distribution
Jump to the score distribution portion of the page
Score
0/25
Timer
05:00
0
Plays Today
% Correct
New York
96.8%
London
95.9%
Mexico City
93.9%
Los Angeles
92.8%
Delhi
92.5%
Beijing
91.9%
Chicago
88.3%
Buenos Aires
87.5%
Cairo
86.4%
Bogota
81.6%
Lima
79.6%
Riyadh
78.8%
Santiago
77.1%
% Correct
Baghdad
76.7%
Alexandria
63.2%
Karachi
59.7%
Tianjin
51.9%
Khartoum
45.2%
Hyderabad
44.2%
Shenzhen
43.2%
Chongqing
38.5%
Taipei
38.4%
Johannesburg
33.4%
Jaipur
31.4%
Kanpur
17.4%
Quiz Playlist
Details
Report
Send in Message
Add To Playlist
More Info:
*if you're confused about 'Hindi-Urdu', it's one language with two different (nearly identical) forms.
Classic:
Type in answers that appear in a list
Quiz Source
Last Updated: Feb 16, 2017
Quiz Scoreboard
CHALLENGE
Sign Up to Join the Scoreboard
Show All
Scores
Hide
Comments
May contain spoilers
Recently Published
9x9 Crossword: Cartoon Network
by jackfrog10
Miscellaneous
3m
College Basketball Coaching Resumes
by pancakes188
Sports
9m
Billboard Blitz: Fleetwood Mac
by CooCooCachoo
Music
15s
More to Explore
Quiz From the Vault
Featured Blog Post
Where Did the Easter Bunny Come From?
hide this ad
You Might Also Like...
Tags
City Quiz
Spanish Quiz
Arabic
English
hindi
largest
Mandarin
Today's Top Quizzes in Geography
Browse Geography
hide this ad
Today's Top Quizzes in Spanish
Browse Spanish
Top Contributed Quizzes in Geography
1
Countries of the World - No Outlines Minefield
2
Top 25 Cities of France on a map
3
Any capital of a 'B' country per Continent
4
Any capital of a 'C' country per Continent
5
Closest Countries to UK A-Z
6
Any capital of a 'D' country per Continent
7
5-to-1: US Geography No Hints
8
Any capital of an 'E' country per Continent
9
Any capital of an 'F' country per Continent
10
One Thing in Common: United Kingdom
Explore More
Trending Topics
Disney
Kpop
Crossword
Marvel
Harry Potter
Anime
NBA
Country
The Office
Puzzle
WWE
NFL
Pokémon
Song
Soccer
hide this ad
More By:
Mushu2
Quiz
Plays
Rating
Category
Featured
Created
Countries with the most skyscrapers (clickable)
2,472
4.20
Geography
Mar 31, 2012
Miranda's Favourite Words
2,416
4.17
Television
Feb 16, 2012
5 largest cities of the 5 most spoken languages
1,746
4.46
Geography
Mar 31, 2012
Most used metro systems (clickable)
1,094
4.56
Geography
Apr 12, 2012
Match the year with the 20th century event?
1,071
4.38
History
Apr 1, 2012
Go to Creator's Profile
Score Distribution
Quiz Creator Spotlight
Mushu2
Follow
Send a Message
Quizzes Created
-
Created Quiz Play Count
-
More By This Creator
Popular Quizzes Today
1
Find the US States - No Outlines Minefield
2
Find the Countries of Europe - No Outlines Minefield
3
The Countries of the World
4
Find the US States
5
Risky Map Clicking: Biggest States A-Z
6
US States
7
Popular People in 1961
8
Movies - When Are They Set?
More Geography Quizzes
Niger Physical Geography
Quiz Lab
Trending Quizzes
Risky Map Clicking: Least Populous States A-Z
1-10 Letter G Words
1-10 Letter F Words
Risky Map Clicking: Next State Alphabetically
Adjectives in 80s TV Shows
Recently Updated
Leaping Animals
pecheneg
Reality TV Shows (A-Z)
bhenderson79
Rickey Henderson's Hall of Fame Teammates
pecheneg
Champions League XIs: Arsenal
pecheneg
Quick Pick: Celebrities in WWE's Hall of Fame
aduchscher
A-Z Keypad Blitz II
pecheneg
Multiple Oscar Actors
pecheneg
Mystery Phrase Blitz: Oscar 'Best Actors'
pecheneg
F. Scott Fitzgerald Novels
LTH
Pick 3 Villains
ddd62291
Trending Topics
Crossword
Harry Potter
Disney
Marvel
Anime
Kpop
NBA
Pokémon
Puzzle
WWE
The Office
Soccer
Country
Song
NFL
Your Account Isn't Verified!
In order to create a playlist on Sporcle, you need to verify the email address you used during registration. Go to your
Sporcle Settings
to finish the process.
Report this User
Report this user for behavior that violates our
Community Guidelines
.
Details:
Send Report
Go to the Sporcle.com Mobile Site →
Comments